00355nam a2200145Ia 4500008004100000020001500041041001200056082001600068100001700084245005800101250000800159260002500167300000900192650000800201221030s9999 xx 000 0 und d a0070486514 aEnglish a105.23bNea aD. A. Neamen 0aElectronic Circuit Analysis & Designcby D. A. Neamen a2nd bTMHaNew Delhic2002 a1232 aECE